000 01742cam a2200373 a 4500
001 16715547
005 20220326193324.0
008 110331s2010 sz a bc s000 0 eng
010 _a 2011356379
020 _a9783775724593
040 _aDLC
_cDLC
041 0 _aeng
_aspa
_apor
042 _alcode
_apcc
082 _a708
_bD 541any
100 1 _aDias, Antonio,
_d1944-
_92721
245 1 0 _aAntonio Dias :
_banywhere is my land /
_c[curated by Hans-Michael Herzog and Katrin Steffen].
246 3 0 _aAnywhere is my land
260 _aZürich, Switzerland :
_bDaros ;
_aOstfildern, Germany :
_bHatje Cantz ;
_a[São Paulo, Brazil] :
_bPinocoteca do Estado de São Paulo, Governo do Estado de São Paulo,
_c2010.
300 _a187 p. :
_bill. (some col.) ;
_c26 cm.
500 _a"Setembro 11- Novembro 7, 2010, Pinacoteca do Estado de São Paulo."
500 _a"First published in conjunction with the exhibition at the Daros Museum, Zürich, this catalogue is a reprint produced for the exhibition at the Pinacoteca do Estado de São Paulo"--P. 194.
504 _aIncludes bibliographical references.
546 _aText in English, Portuguese, and Spanish.
600 1 0 _aDias, Antonio,
_d1944-
_vExhibitions.
_92730
600 1 0 _aHerzog, Hans-Michael
_d1956
_91964
600 1 0 _aSteffen, Katrin
_91965
650 _xArte moderno
_xSao Paulo. Pinacoteca do Estado
_xDaros-Latinoamerica (Art Collection)
_zBrasil
_92731
700 1 _aHerzog, Hans-Michael,
_d1956-
_91964
700 1 _aSteffen, Katrin.
_91965
710 1 _aSão Paulo (Brazil : State).
_bPinacoteca do Estado.
_92732
710 2 _aDaros-Latinamerica (Art Collection)
_91849
906 _a7
_bcbc
_corigode
_d2
_encip
_f20
_gy-gencatlg
999 _c609
_d609